000 00680cab a2200229 4500
001 ABS45208
008 090401t1991 xxu||||| |||| 00| 0 eng d
035 _a(Sirsi) u51530
041 _aeng
100 _aFellows, R.
245 _aEstimating - dinosaur or phoenix?
260 _c1991
350 _a0
490 _aChartered Builder
_v3(8) October 1991, 18-19(2)
520 _aProvides some ground rules for estimating, a vital tool for maintaining a competitive edge in these times of recession. References.
650 _aESTIMATES
650 _aRECESSION
650 _aTENDERING
690 _aBUILT ENVIRONMENT-BUILDING COSTS
942 _n0
948 _c04/03/1997
999 _c31992
_d31992